000 00250nam a22000857a 4500
008 160718b xxu||||| |||| 00| 0 eng d
100 _93027
_a Mandell, M
245 _aSimple Science Experiments with Everyday Materials
260 _aNew York
_bSterling
_c1989
999 _c2590
_d2590